[Event "YOUR WORST KNIGHTMARE"]
[Site "SchemingMind.com"]
[Date "2019.08.15"]
[Round "-"]
[White "Kenny Elliott"]
[Black "ray winteringham"]
[Result "1-0"]
[WhiteCountry "USA"]
[BlackCountry "ENG"]
[WhiteElo "1597"]
[WhiteRD "67"]
[BlackElo "1488"]
[BlackRD "49"]
[GameID "444776"]

1. d4 d5 2. c4 e6 3. Nf3 h6 4. Nc3 Bb4 5. Bd2 Nf6 6. Qa4+ Nc6 7. Ne5 Bd6 8. Nxc6 bxc6 9. c5 Be7 10. e3 Bd7
11. Ba6 O-O 12. Bb7 Qb8 13. Qb3 a6 14. Bxa8 Qxa8 15. Qc2 Nh7 16. O-O f5 17. b4 Bc8 18. a4 Bb7 19. b5 Qb8 20. bxa6 Bxa6
21. Rfb1 Qc8 22. Rb2 Nf6 23. Rab1 g5 24. Rb4 g4 25. g3 h5 26. R1b2 Kf7 27. Qb1 Nd7 28. a5 Kg6 29. Qc2 e5 30. Qa4 Qa8
31. Nxd5 Bd8 32. Nb6 Nxb6 33. axb6 cxb6 34. cxb6 Qb7 35. Qa5 Bf6 36. Ra2 Ra8 37. dxe5 Be7 38. Rbb2 c5 39. Qa4 c4 40. e6 Qc8
41. Qd7 Qf8 42. b7 Bxb7 43. Qxb7
1-0

[Event "YOUR WORST KNIGHTMARE"]
[Site "SchemingMind.com"]
[Date "2019.08.15"]
[Round "-"]
[White "Phillip Beckett"]
[Black "ray winteringham"]
[Result "1/2-1/2"]
[WhiteCountry "ENG"]
[BlackCountry "ENG"]
[WhiteElo "1476"]
[WhiteRD "49"]
[BlackElo "1543"]
[BlackRD "51"]
[GameID "444777"]

1. e4 c5 2. Nf3 Nc6 3. d4 cxd4 4. Nxd4 e5 5. Nb5 a6 6. N5c3 h6 7. Na3 Bxa3 8. bxa3 Nge7 9. Be2 d6 10. Nd5 O-O
11. O-O f6 12. Nxe7+ Qxe7 13. Bc4+ Be6 14. Bxe6+ Qxe6 15. Qd5 Rfe8 16. Qxe6+ Rxe6 17. Bb2 a5 18. Rad1 b6 19. Rd5 Rc8 20. Rfd1 Rd8
21. Bc3 Ne7 22. Rb5 Nc8 23. Rbb1 g5 24. f3 Kf7 25. Kf2 h5 26. Bd2 Na7 27. Be3 Rc8 28. Rb2 Rc6 29. Bxb6 Nc8 30. Bxa5 Re8
31. Bb4 Nb6 32. Rxd6 Rxd6 33. Bxd6 Nc4 34. Rb7+ Ke6 35. Bb4 Rd8 36. Rc7 Rd4 37. Rc6+ Kf7 38. c3 Rd2+ 39. Ke1 Rxg2 40. Rxc4 Rxh2
41. Rc7+ Kg6 42. Rc6 g4 43. fxg4 h4 44. Be7 Kg5 45. Bxf6+ Kxg4 46. Bd8 h3 47. Rh6 Rxa2 48. Bc7 Rxa3 49. Bxe5 Ra4 50. Rg6+ Kf3
51. Rh6 Rxe4+ 52. Kf1 Rxe5 53. Rxh3+ Kg4 54. Rd3 Ra5 55. c4 Kf4 56. Rc3 Rc5 57. Ke2 Ke4 58. Rc1=
1/2-1/2

[Event "YOUR WORST KNIGHTMARE"]
[Site "SchemingMind.com"]
[Date "2019.08.15"]
[Round "-"]
[White "DLambourne"]
[Black "ray winteringham"]
[Result "1-0"]
[WhiteCountry "ENG"]
[BlackCountry "ENG"]
[WhiteElo "2149"]
[WhiteRD "171"]
[BlackElo "1488"]
[BlackRD "49"]
[GameID "444778"]

1. d4 d5 2. c4 e6 3. Nf3 Nf6 4. Nc3 Bb4 5. cxd5 Nxd5 6. Qc2 Nc6 7. e4 Nf6 8. Bb5 Bd7 9. O-O O-O 10. Rd1 Bxc3
11. bxc3 a6 12. Bd3 h6 13. a3 Ne7 14. c4 Qe8 15. e5 Nh7 16. Bxh7+ Kh8 17. Be4 Rb8 18. Re1 c6 19. Be3 f5 20. exf6 Rxf6
21. Ne5 Rc8 22. g4 b5 23. g5 hxg5 24. Bxg5 Rf8 25. Bxe7 Qxe7 26. Ng6+
1-0

[Event "YOUR WORST KNIGHTMARE"]
[Site "SchemingMind.com"]
[Date "2019.08.15"]
[Round "-"]
[White "splinter"]
[Black "ray winteringham"]
[Result "1-0"]
[WhiteCountry "CAN"]
[BlackCountry "ENG"]
[WhiteElo "1803"]
[WhiteRD "78"]
[BlackElo "1543"]
[BlackRD "51"]
[GameID "444779"]

1. c4 d5 2. cxd5 Qxd5 3. Nc3 Qd8 4. Nf3 Nf6 5. e4 Bg4 6. Be2 e5 7. Nxe5 Be6 8. d4 Bb4 9. Qa4+ Nc6 10. d5 Bxc3+
11. bxc3 O-O 12. dxc6 b6 13. Bg5 h6 14. Bxf6 Qxf6 15. Qd4 Rad8 16. Nd7 Qxd4 17. cxd4 Bxd7 18. cxd7 Rxd7 19. d5 Re7 20. f3 Rd8
21. O-O f5 22. Bc4 Rd6 23. Rfe1 fxe4 24. fxe4 c6 25. e5 Rg6 26. d6+ Rf7 27. d7
1-0

[Event "YOUR WORST KNIGHTMARE"]
[Site "SchemingMind.com"]
[Date "2019.08.15"]
[Round "-"]
[White "ray winteringham"]
[Black "Matthew Bailey"]
[Result "0-1"]
[WhiteCountry "ENG"]
[BlackCountry "ENG"]
[WhiteElo "1543"]
[WhiteRD "51"]
[BlackElo "2232"]
[BlackRD "65"]
[GameID "444780"]

1. e3 c5 2. d3 d5 3. Ne2 Nc6 4. Nd2 e5 5. g3 h5 6. Bg2 h4 7. b3 Nf6 8. c4 Bg4 9. f3 Be6 10. Bb2 Nb4
11. Qb1 dxc4 12. dxc4 h3 13. Bf1 Nd3+ 14. Kd1 Nf2+ 15. Ke1 Nxh1 16. Bg2 hxg2
0-1

[Event "YOUR WORST KNIGHTMARE"]
[Site "SchemingMind.com"]
[Date "2019.08.15"]
[Round "-"]
[White "ray winteringham"]
[Black "Helga1946"]
[Result "0-1"]
[WhiteCountry "ENG"]
[BlackCountry "GER"]
[WhiteElo "1543"]
[WhiteRD "51"]
[BlackElo "2167"]
[BlackRD "75"]
[GameID "444781"]

1. e3 d5 2. d3 c6 3. Ne2 Bg4 4. f3 Bc8 5. Nd2 e5 6. e4 Bd6 7. g3 h6 8. Bg2 Nf6 9. h3 Qb6 10. b3 Qc7
11. Nf1 a5 12. Nh2 a4 13. Bd2 Be6 14. O-O Qd7 15. g4 h5 16. g5 Ng8 17. h4 dxe4 18. dxe4 Ne7 19. Qc1 axb3 20. axb3 Rxa1
21. Qxa1 Bc5+ 22. Kh1 Qxd2 23. Qa8 O-O 24. Ng3 Na6 25. Qxb7 Ng6 26. Qxc6 Nxh4
0-1

[Event "YOUR WORST KNIGHTMARE"]
[Site "SchemingMind.com"]
[Date "2019.08.15"]
[Round "-"]
[White "im_cincinnati_kid37"]
[Black "Arnold Jones"]
[Result "0-1"]
[WhiteCountry "USA"]
[BlackCountry "ENG"]
[WhiteElo "1236"]
[WhiteRD "81"]
[BlackElo "1357"]
[BlackRD "82"]
[GameID "444785"]

1. e4 c5 2. Na3 Nc6 3. Bb5 Nf6 4. d3 e5 5. Bg5 Nd4 6. Bc4 Ne6 7. Bxe6 dxe6 8. Nf3 h6 9. Bh4 Qc7 10. Bxf6 gxf6
11. c4 a6 12. O-O Bd7 13. Nc2 O-O-O 14. b3 Bc6 15. Qd2 Bxe4 16. Nce1 Rg8 17. a4 Qc6 18. Qc3 Bxf3 19. Nxf3 Qxf3 20. g3 Rd4
21. Rad1 Rh4 22. Qd2 f5 23. Rfe1 e4 24. Re3 Qf4 25. Kf1 Qg4 26. gxh4 Qxh4 27. h3 Be7 28. Ke2 Rd8 29. Rf1 Qh5+ 30. Ke1 Bg5
31. a5 Rxd3 32. Rxd3 Bxd2+ 33. Rxd2 Qg6 34. Re2 f4 35. f3 e3 36. Rb2 Qg3+ 37. Ke2 Qg2+
0-1

[Event "YOUR WORST KNIGHTMARE"]
[Site "SchemingMind.com"]
[Date "2019.08.15"]
[Round "-"]
[White "grabapawn"]
[Black "Arnold Jones"]
[Result "1-0"]
[WhiteCountry "USA"]
[BlackCountry "ENG"]
[WhiteElo "1453"]
[WhiteRD "54"]
[BlackElo "1467"]
[BlackRD "68"]
[GameID "444786"]

1. d4 e6 2. Bf4 d5 3. Nf3 Nf6 4. e3 c5 5. c3 Nbd7 6. Bd3 c4 7. Bc2 Be7 8. Nbd2 b5 9. h4 a5 10. Ne5 Nxe5
11. dxe5 Nd7 12. Qg4 g6 13. Bg5 h5 14. Qg3 O-O 15. Bh6 Kh7 16. Bf4 Rg8 17. Bg5 Nc5 18. Nf3 Ne4 19. Bxe4 dxe4 20. Nd4 Qe8
21. O-O-O Bb7 22. Qf4 f5 23. Nxe6 Bxg5 24. Nxg5+ Kg7 25. e6 Qb8 26. Rd7+ Kf8 27. e7+ Kg7 28. e8=Q+
1-0

[Event "YOUR WORST KNIGHTMARE"]
[Site "SchemingMind.com"]
[Date "2019.08.19"]
[Round "-"]
[White "Arnold Jones"]
[Black "Helga1946"]
[Result "0-1"]
[WhiteCountry "ENG"]
[BlackCountry "GER"]
[WhiteElo "1535"]
[WhiteRD "66"]
[BlackElo "1916"]
[BlackRD "56"]
[GameID "444787"]

1. c4 e5 2. Nc3 Nf6 3. e4 Nc6 4. g3 Bb4 5. Nf3 Bxc3 6. bxc3 Nxe4 7. Ba3 d6 8. Bd3 Nf6 9. Bc2 e4 10. Qe2 O-O
11. Nd4 Ne5 12. O-O-O Bg4 13. Qf1 Bxd1 14. Kxd1 c5 15. Nb3 Re8 16. d3 exd3 17. Bxd3 Nfg4 18. h3 Nxd3 19. hxg4 Re1+ 20. Qxe1 Nxe1
21. Rxe1 Qf6 22. Bc1 Qxf2 23. Re3 Qxa2 24. Nd2 Qa4+ 25. Ke2 Qc2 26. Ba3 Kf8 27. g5 a5 28. Ke1 a4 29. Ne4 Re8 30. Re2 Rxe4
31. Rxe4 Qxe4+
0-1

[Event "YOUR WORST KNIGHTMARE"]
[Site "SchemingMind.com"]
[Date "2019.08.16"]
[Round "-"]
[White "Arnold Jones"]
[Black "roscoe"]
[Result "1-0"]
[WhiteCountry "ENG"]
[BlackCountry "USA"]
[WhiteElo "1467"]
[WhiteRD "68"]
[BlackElo "1316"]
[BlackRD "86"]
[GameID "444788"]

1. d4 d5 2. Nf3 Nf6 3. Bf4 g6 4. Nc3 e6 5. e3 Bb4 6. Bb5+ c6 7. Bd3 O-O 8. Bg5 Nbd7 9. Qe2 Qa5 10. Qd2 Bxc3
11. bxc3 Ne4 12. Bxe4 dxe4 13. Be7 Re8 14. Bb4 Qb5 15. a4 Qh5 16. Ng1 a5 17. Bd6 Nb6 18. Bg3 Nc4 19. Qd1 Qxd1+ 20. Rxd1 Nb2
21. Ra1 b5 22. axb5 cxb5 23. Rc1 b4 24. Ne2 bxc3 25. Nxc3 Bb7 26. Rb1 Nd3+ 27. cxd3 Ba6 28. Nxe4 Kg7 29. Be5+ Kh6 30. Ke2
1-0

[Event "YOUR WORST KNIGHTMARE"]
[Site "SchemingMind.com"]
[Date "2019.08.16"]
[Round "-"]
[White "Arnold Jones"]
[Black "Steven DuCharme"]
[Result "1/2-1/2"]
[WhiteCountry "ENG"]
[BlackCountry "USA"]
[WhiteElo "1467"]
[WhiteRD "68"]
[BlackElo "1538"]
[BlackRD "53"]
[GameID "444789"]

1. c4 Nf6 2. Nc3 c5 3. e4 Nc6 4. d3 e5 5. Be2 Be7 6. Nf3 O-O 7. h3 d6 8. a3 a6 9. O-O Nd4 10. a4 Nxe2+
11. Qxe2 b6 12. Be3 Bb7 13. Qc2 Qd7 14. Rad1 h6 15. b3 Nh7 16. Nd5 Bxd5 17. exd5 f5 18. Ne1 f4 19. Bc1 b5 20. Nf3 g5
21. g4 b4 22. Kg2 a5 23. d4 cxd4 24. Qe4 Qe8 25. Rh1 Kg7 26. h4 Qg6 27. Qxg6+ Kxg6 28. h5+ Kg7 29. Rhe1 Rac8 30. Nd2 Nf6
31. f3 Nd7=
1/2-1/2

[Event "YOUR WORST KNIGHTMARE"]
[Site "SchemingMind.com"]
[Date "2019.08.15"]
[Round "-"]
[White "Kenny Elliott"]
[Black "Arnold Jones"]
[Result "0-1"]
[WhiteCountry "USA"]
[BlackCountry "ENG"]
[WhiteElo "1597"]
[WhiteRD "67"]
[BlackElo "1467"]
[BlackRD "68"]
[GameID "444790"]

1. d4 e6 2. e4 d5 3. e5 a6 4. Nf3 c5 5. c3 Be7 6. Be3 Qc7 7. c4 b5 8. Nbd2 dxc4 9. a4 Qc6 10. axb5 axb5
11. Rxa8 Qxa8 12. dxc5 Bb7 13. Be2 Qa5 14. O-O Qb4 15. Ne4 Bxe4 16. Nd4 Bxc5 17. Nc2 Bxc2 18. Qxc2 Bxe3 19. fxe3 Ne7 20. Bf3 O-O
21. Bh5 Qc5 22. Qf2 Nf5 23. Re1 Qxe5 24. Bg4 Nc6 25. Bxf5 Qxf5 26. Qg3 Qc5 27. Kh1 Ne5 28. Rf1 Rd8 29. h3 Rd3 30. Ra1 g6
31. Qf4 Rxe3 32. Qf6 Qc6 33. Qd8+ Kg7 34. Ra8 Rxh3+ 35. Kg1 Qc5+ 36. Kf1 Rh1+ 37. Ke2 Ng4 38. Kf3 Qf5+ 39. Kg3 Qf2+ 40. Kxg4 h5+
41. Kg5 Qf5#
0-1

[Event "YOUR WORST KNIGHTMARE"]
[Site "SchemingMind.com"]
[Date "2019.08.15"]
[Round "-"]
[White "Phillip Beckett"]
[Black "Arnold Jones"]
[Result "1/2-1/2"]
[WhiteCountry "ENG"]
[BlackCountry "ENG"]
[WhiteElo "1508"]
[WhiteRD "49"]
[BlackElo "1467"]
[BlackRD "68"]
[GameID "444791"]

1. d4 d5 2. c4 e5 3. cxd5 e4 4. Nc3 Nf6 5. Bg5 Bb4 6. e3 O-O 7. Be2 Bf5 8. f3 a5 9. fxe4 Bxe4 10. Nf3 Bxc3+
11. bxc3 Bxd5 12. c4 Be4 13. O-O h6 14. Bh4 g5 15. Bf2 Nbd7 16. Nd2 Bg6 17. Bf3 Bd3 18. Be2 Bxe2 19. Qxe2 a4 20. Qd3 Ne5
21. Qc2 Ng6 22. Ne4 Nh5 23. Ng3 Ng7 24. Nf5 Nxf5 25. Qxf5 Ne7 26. Qf6 Ra6 27. Qf3 b6 28. Qh5 Kh7 29. h4 Ng6 30. hxg5 Qxg5
31. Qxg5 hxg5 32. Bg3 Ra7 33. e4 c6 34. Kf2 f5 35. exf5 Rxf5+ 36. Kg1 Nf4 37. Bxf4 gxf4 38. Rf3 Kg6 39. Raf1 Raf7 40. Rb1 b5
41. cxb5 cxb5 42. Rd1 Rd5 43. Rdf1 Rxd4 44. g3 Kg5 45. gxf4+ Kf5 46. Rb1 Kg4 47. Rf2 b4 48. Rg2+ Kf5 49. Rg5+ Kf6 50. Rb5 Rg7+
51. Kf2 Rxf4+ 52. Ke3 Rgg4 53. Rb6+ Ke5 54. Kd3 Rg3+ 55. Ke2 Rg2+ 56. Ke3 Rgg4 57. Rb5+ Kd6 58. Rd1+ Kc6 59. Rdd5 b3 60. axb3 a3
61. Rdc5+ Kd6 62. Rd5+ Kc6 63. Rbc5+=
1/2-1/2

[Event "YOUR WORST KNIGHTMARE"]
[Site "SchemingMind.com"]
[Date "2019.08.15"]
[Round "-"]
[White "DLambourne"]
[Black "Arnold Jones"]
[Result "1-0"]
[WhiteCountry "ENG"]
[BlackCountry "ENG"]
[WhiteElo "2185"]
[WhiteRD "158"]
[BlackElo "1457"]
[BlackRD "65"]
[GameID "444792"]

1. d4 e6 2. c4 d5 3. Nf3 Nf6 4. Nc3 Be7 5. e3 Bb4 6. Bd3 Bxc3+ 7. bxc3 O-O 8. O-O Ne4 9. Ba3 Nd6 10. Qc2 f5
11. cxd5 exd5 12. c4 Be6 13. c5 Nc4 14. Bxc4 c6 15. Bd3 Nd7 16. Nd2 Nf6 17. Bxf5 Bxf5 18. Qxf5 Ne4 19. Qe6+ Rf7 20. Nxe4 dxe4
21. Qxe4 Qd7 22. Rad1 Re8 23. Qd3 Qd5 24. Qb3 Rd7 25. Qxd5+ Rxd5 26. Rfe1 Re6 27. e4 Rd8 28. Bc1 h6 29. Kf1 h5 30. d5 Rg6
31. d6 Rd7 32. f4 h4 33. e5 Re6 34. f5 Rf7 35. d7
1-0

[Event "YOUR WORST KNIGHTMARE"]
[Site "SchemingMind.com"]
[Date "2019.08.15"]
[Round "-"]
[White "kenneth m day"]
[Black "Arnold Jones"]
[Result "0-1"]
[WhiteCountry "USA"]
[BlackCountry "ENG"]
[WhiteElo "1692"]
[WhiteRD "51"]
[BlackElo "1457"]
[BlackRD "65"]
[GameID "444793"]

1. e4 c5 2. d4 cxd4 3. c3 dxc3 4. Nxc3 e5 5. Nf3 Nc6 6. Bc4 Nf6 7. Qe2 Bc5 8. Bg5 Nd4 9. Nxd4 Bxd4 10. Rc1 h6
11. Be3 Bxc3+ 12. Rxc3 Nxe4 13. Rd3 d6 14. O-O O-O 15. Rfd1 Qc7 16. f3 Qxc4 17. fxe4 Qxe4 18. h3 Be6 19. Rxd6 Bxa2 20. Qf2 Bb3
21. R1d3 Bc4 22. Rc3 b6 23. Rd1 f5 24. Rdc1 f4 25. Bd2 Bd5 26. Re1 Qd4 27. Qxd4 exd4 28. Rd3 f3 29. gxf3 Rxf3 30. Rxd4 Rg3+
31. Kf1 Rf8+ 32. Bf4 Bc6 33. Ke2 Rxh3 34. Kd1 Rh4 35. Rc4 Bf3+ 36. Kd2 Rhxf4 37. Rxf4 Rxf4 38. Rf1 Rf8 39. Ke3 Bb7 40. Rd1 a5
41. Rd7 Bc8 42. Rd6 b5 43. Rd5 Ba6 44. Rd6 Bc8 45. Rb6 Bd7 46. Rb7 Rd8 47. Ra7 a4 48. b3 axb3 49. Kd2 Be6+
0-1

[Event "YOUR WORST KNIGHTMARE"]
[Site "SchemingMind.com"]
[Date "2019.08.15"]
[Round "-"]
[White "Arnold Jones"]
[Black "ray winteringham"]
[Result "0-1"]
[WhiteCountry "ENG"]
[BlackCountry "ENG"]
[WhiteElo "1467"]
[WhiteRD "68"]
[BlackElo "1488"]
[BlackRD "49"]
[GameID "444794"]

1. d4 d5 2. c4 e6 3. e3 Nf6 4. Nf3 Bb4+ 5. Nc3 O-O 6. Bd3 Nbd7 7. O-O c6 8. Bd2 b6 9. a3 Bxc3 10. Bxc3 Bb7
11. b4 h6 12. c5 Qc7 13. h3 Ne8 14. Re1 b5 15. Bc2 Nef6 16. Qd3 g6 17. Re2 Ne4 18. Nh4 Qd8 19. Nf3 f5 20. Be1 Qf6
21. a4 a6 22. a5 Kf7 23. Bc3 Ke7 24. Bb2 Rh8 25. Rae1 Rag8 26. Ne5 h5 27. f4 g5 28. Rf1 Ng3 29. Rf3 Nxe2+ 30. Qxe2 g4
31. Rf2 Qh6 32. g3 gxh3 33. Nf3 Rxg3+ 34. Kh2 Qg7 35. Ng5 h4 36. Bd1 Nf6 37. Qf1 Ne4 38. Nxe4 fxe4 39. f5 exf5 40. Qh1 Rg8
0-1

[Event "YOUR WORST KNIGHTMARE"]
[Site "SchemingMind.com"]
[Date "2019.08.15"]
[Round "-"]
[White "splinter"]
[Black "Arnold Jones"]
[Result "1-0"]
[WhiteCountry "CAN"]
[BlackCountry "ENG"]
[WhiteElo "1814"]
[WhiteRD "77"]
[BlackElo "1457"]
[BlackRD "65"]
[GameID "444795"]

1. c4 d6 2. g3 Nf6 3. Nc3 c6 4. Bg2 e6 5. Nf3 Be7 6. O-O O-O 7. Qc2 b6 8. b3 Bb7 9. Bb2 Nbd7 10. d4 c5
11. Ng5 Bxg2 12. Kxg2 cxd4 13. Nce4 Nxe4 14. Nxe4 e5 15. f4 f5 16. Nd2 e4 17. Bxd4 Bf6 18. Bxf6 Nxf6 19. Rfd1 Qc7 20. e3 Ng4
21. Nf1 Qc5 22. Qe2 Rad8 23. Rd5 Qc7 24. Rad1 g6 25. Qd2 Rf6 26. h3 Nh6 27. Qd4 Kf7 28. b4 Ng8 29. Qc3 Ne7 30. R5d2 b5
31. c5 Qc6 32. Qb3+ d5 33. Rd4 Qa6 34. Nh2 Qb7 35. Ra1 Rc6 36. Nf1 Rc7 37. g4 Rcd7 38. Ng3 Nc6 39. Rd2 fxg4 40. hxg4 Ne7
41. Ne2 h5 42. Qb2 hxg4 43. Rh1 d4 44. Nxd4 Qd5 45. Rdd1 Nf5 46. Rh7+ Kg8 47. Nxf5 Qd2+ 48. Rxd2 Rxd2+ 49. Qxd2 Rxd2+ 50. Kg3 Kxh7
51. Nd4 Rd3 52. c6 Rc3 53. Kxg4 Kg8 54. Kg5 Kf7 55. f5 gxf5 56. Kxf5 a6 57. Kxe4 Rc4 58. Kd5 Ke8 59. a4 Rxd4+ 60. exd4 bxa4
61. Kc4 Kd8 62. d5 Ke7 63. c7 Kd7 64. d6 Kc8 65. Kc3 Kb7 66. Kb2
1-0

[Event "YOUR WORST KNIGHTMARE"]
[Site "SchemingMind.com"]
[Date "2019.08.15"]
[Round "-"]
[White "Arnold Jones"]
[Black "Matthew Bailey"]
[Result "0-1"]
[WhiteCountry "ENG"]
[BlackCountry "ENG"]
[WhiteElo "1467"]
[WhiteRD "68"]
[BlackElo "2279"]
[BlackRD "59"]
[GameID "444796"]

1. c4 e5 2. Nc3 Nf6 3. e4 Bc5 4. Nf3 Ng4 5. d4 exd4 6. Nxd4 Nxf2 7. Kxf2 Qf6+ 8. Qf3 Bxd4+ 9. Be3 Bxe3+ 10. Kxe3 Qb6+
11. Kd3 Qxb2 12. Be2 Nc6 13. Rhb1 Ne5+ 14. Ke3 Qxc3+
0-1

[Event "YOUR WORST KNIGHTMARE"]
[Site "SchemingMind.com"]
[Date "2019.08.17"]
[Round "-"]
[White "roscoe"]
[Black "krzysztof"]
[Result "0-1"]
[WhiteCountry "USA"]
[BlackCountry "POL"]
[WhiteElo "1289"]
[WhiteRD "84"]
[BlackElo "1562"]
[BlackRD "74"]
[GameID "444854"]

1. d4 d5 2. Nf3 Nc6 3. e3 Nf6 4. Bb5 Bd7 5. Bxc6 Bxc6 6. O-O e6 7. a3 Bd6 8. g3 Bd7 9. Re1 h5 10. Ne5 Bxe5
11. Nc3 Bd6 12. a4 h4 13. g4 Nh7 14. h3 f5 15. gxf5 Qg5+ 16. Qg4 Qxg4+ 17. hxg4 exf5 18. gxf5 c6 19. e4 O-O-O 20. Re3 Ng5
21. e5 Bb4 22. b3 Bxc3 23. Rxc3 Ne4 24. Rf3 Rdg8 25. e6 Be8 26. Rf4 g5 27. Rg4 Bh5 28. Rg2 h3 29. Rh2 Bg4 30. Bb2 Bxf5
0-1

[Event "YOUR WORST KNIGHTMARE"]
[Site "SchemingMind.com"]
[Date "2019.08.18"]
[Round "-"]
[White "im_cincinnati_kid37"]
[Black "krzysztof"]
[Result "0-1"]
[WhiteCountry "USA"]
[BlackCountry "POL"]
[WhiteElo "1208"]
[WhiteRD "75"]
[BlackElo "1562"]
[BlackRD "74"]
[GameID "444855"]

1. e4 e5 2. Nc3 c6 3. Nf3 d6 4. d3 Bg4 5. b3 Nd7 6. Bb2 Ndf6 7. Be2 Be6 8. Qd2 h6 9. O-O-O Nd7 10. Kb1 Ngf6
11. h3 b5 12. g4 a5 13. Qe1 a4 14. Bc1 axb3 15. cxb3 Nb6 16. Bb2 Nfd7 17. Kc2 Qc7 18. a3 Nc5 19. Nd2 d5 20. b4 Nca4
21. Nxa4 Nxa4 22. f3 d4 23. Ba1 c5 24. bxc5 Nxc5 25. Kb1 Rxa3 26. Bb2 Ra8 27. Kc2 Nb3+ 28. Kb1 Ba3 29. Nxb3 Bxb3 30. Rd2 Bc2+
31. Rxc2 Qa7 32. Kc1 b4 33. Bxa3 Qxa3+ 34. Kd2 b3 35. Qc1 Qb4+
0-1

[Event "YOUR WORST KNIGHTMARE"]
[Site "SchemingMind.com"]
[Date "2019.08.17"]
[Round "-"]
[White "krzysztof"]
[Black "Kenny Elliott"]
[Result "0-1"]
[WhiteCountry "POL"]
[BlackCountry "USA"]
[WhiteElo "1562"]
[WhiteRD "74"]
[BlackElo "1656"]
[BlackRD "65"]
[GameID "444856"]

1. e4 c5 2. d3 d6 3. Nc3 Nc6 4. Nf3 Bg4 5. Be3 g6 6. h3 Bxf3 7. Qxf3 Bg7 8. a3 Qb6 9. Nd5 Qa5+ 10. Bd2 Qd8
11. c3 e6 12. Nf4 Nge7 13. Qg3 Qb6 14. Rb1 O-O-O 15. Be2 Be5 16. d4 cxd4 17. Qd3 f5 18. c4 fxe4 19. Qxe4 d5 20. Qd3 dxc4
21. Qxc4 Rd6 22. Bb4 Bxf4 23. Bxd6 Bxd6 24. O-O Kd7 25. b4 Ne5 26. Qb3 h5 27. Rfd1 Nf5 28. Bc4 Nxc4 29. Qxc4 Rc8 30. Qb3 Rc3
31. Qa2 d3 32. Rb3 Rc2 33. Rb2 Qxf2+ 34. Kh1 Qxg2#
0-1

[Event "YOUR WORST KNIGHTMARE"]
[Site "SchemingMind.com"]
[Date "2019.08.17"]
[Round "-"]
[White "grabapawn"]
[Black "krzysztof"]
[Result "0-1"]
[WhiteCountry "USA"]
[BlackCountry "POL"]
[WhiteElo "1453"]
[WhiteRD "54"]
[BlackElo "1555"]
[BlackRD "72"]
[GameID "444857"]

1. d4 d5 2. Bf4 Nc6 3. e3 a6 4. c3 g6 5. Bd3 Bg7 6. Nd2 Nf6 7. h3 Nh5 8. Bh2 e5 9. g4 e4 10. Bc2 Nf6
11. Ne2 g5 12. Bg3 h6 13. f4 Ne7 14. fxg5 hxg5 15. Kf2 Nd7 16. h4 Nf6 17. hxg5 Nxg4+ 18. Kg2 Nxe3+
0-1

[Event "YOUR WORST KNIGHTMARE"]
[Site "SchemingMind.com"]
[Date "2019.08.19"]
[Round "-"]
[White "krzysztof"]
[Black "DLambourne"]
[Result "0-1"]
[WhiteCountry "POL"]
[BlackCountry "ENG"]
[WhiteElo "1562"]
[WhiteRD "74"]
[BlackElo "2185"]
[BlackRD "158"]
[GameID "444858"]

1. e4 c5 2. c4 Nc6 3. Nf3 e5 4. d3 Nf6 5. a3 d6 6. Bg5 Be7 7. Be3 Ng4 8. Nc3 Nxe3 9. fxe3 Be6 10. Qa4 O-O
11. Qd1 f5 12. exf5 Bxf5 13. Nd5 Bg5 14. h4 Be7 15. h5 Bg5 16. g3 Ne7 17. Nxe7+ Qxe7 18. Qe2 Bg4 19. Bg2 Rf6 20. O-O-O Raf8
21. Rdf1 a6 22. Rf2 Qf7 23. Rhf1 Bh6 24. Qe1 e4 25. Nh2 Rxf2 26. Rxf2 Qxf2 27. Qxf2 Rxf2 28. Nxg4 Rxg2 29. Nxh6+ gxh6 30. Kb1 exd3
31. Ka2 d2 32. Kb3 d1=Q+ 33. Ka2 Qc2 34. Ka1 Qxb2#
0-1

[Event "YOUR WORST KNIGHTMARE"]
[Site "SchemingMind.com"]
[Date "2019.08.17"]
[Round "-"]
[White "krzysztof"]
[Black "kenneth m day"]
[Result "0-1"]
[WhiteCountry "POL"]
[BlackCountry "USA"]
[WhiteElo "1600"]
[WhiteRD "78"]
[BlackElo "1689"]
[BlackRD "51"]
[GameID "444859"]

1. e4 e5 2. Nf3 Nc6 3. Bc4 Bc5 4. d3 Nf6 5. h3 O-O 6. Nc3 d6 7. Bg5 h6 8. Bh4 Nd4 9. Nxd4 Bxd4 10. Nd5 Bxb2
11. Bxf6 gxf6 12. Rb1 Bd4 13. Qh5 Kh7 14. g4 Be6 15. f4 c6 16. g5 fxg5 17. Nc7 Qxc7 18. fxg5 Be3 19. Qxh6+ Kg8 20. Qf6 Qd8
21. h4 Qxf6 22. gxf6 Kh7 23. Rxb7 Bxc4 24. dxc4 Bh6 25. Rd7 Kg6 26. Rxd6 Rac8 27. Rg1+ Kh7 28. Rd7 a5 29. Ra7 Ra8 30. Rb7 c5
31. Rb3 Rad8 32. Rd3 Rd4 33. Rg4 Rxc4 34. c3 Bf4 35. Rg7+ Kh6 36. h5 Rxe4+ 37. Kf2 Bg5 38. Rf3 Rh4 39. Rf5 Rxh5 40. Kg3 Bf4+
41. Kg4 Rh1 42. Kf3 Rf1+ 43. Ke2 Rh1 44. Rg2 Rb8 45. Kd3 Rh3+ 46. Kc4 Rd8 47. Rc2 Kg6 48. Rxf4 exf4 49. Rf2 f3 50. Kxc5 Kxf6
51. c4 Re8 52. Kb5 Re2 53. Rf1 Rxa2 54. c5 f2 55. Kb6 Rb3+ 56. Kc6 Re2 57. Kd6 Rf3 58. c6 Re1 59. Rxf2 Rxf2 60. Kd7 Rd1+
61. Kc8 Rc2 62. Kb7 a4 63. c7 Ke7 64. c8=Q Rxc8 65. Kxc8 a3
0-1

[Event "YOUR WORST KNIGHTMARE"]
[Site "SchemingMind.com"]
[Date "2019.08.17"]
[Round "-"]
[White "krzysztof"]
[Black "Steven DuCharme"]
[Result "1-0"]
[WhiteCountry "POL"]
[BlackCountry "USA"]
[WhiteElo "1562"]
[WhiteRD "74"]
[BlackElo "1528"]
[BlackRD "53"]
[GameID "444860"]

1. e4 c6 2. d4 d5 3. e5 Bf5 4. Bd3 e6 5. Bxf5 exf5 6. Nf3 h6 7. Bf4 g5 8. Bd2 g4 9. Ng1 h5 10. Nc3 Nd7
11. Qe2 Qe7 12. O-O-O Bh6 13. f3 Bxd2+ 14. Rxd2 a5 15. f4 h4 16. h3 g3 17. Nf3 b5 18. Ng5 a4 19. a3 Nf8 20. Nd1 Ne6
21. Nxe6 fxe6 22. c3 Rb8 23. Ne3 c5 24. Kd1 c4= 25. Nc2 Qf7 26. Nb4 Kd7 27. Na6 Qh5 28. Qxh5 Rxh5 29. Nc5+ Ke7 30. Na6 Rb7
31. Nb4 Kd7 32. Nc2 Ne7 33. Rf1 Nc6 34. Rf3 Na5 35. Na1 Nb3 36. Nxb3 axb3 37. Kc1 Rh8 38. Kd1 Ra8 39. Ke2 Rba7 40. Rf1 Kc6=
41. Rf3 Rxa3 42. bxa3 Rxa3 43. Rf1
1-0

[Event "YOUR WORST KNIGHTMARE"]
[Site "SchemingMind.com"]
[Date "2019.08.17"]
[Round "-"]
[White "Phillip Beckett"]
[Black "krzysztof"]
[Result "0-1"]
[WhiteCountry "ENG"]
[BlackCountry "POL"]
[WhiteElo "1476"]
[WhiteRD "49"]
[BlackElo "1589"]
[BlackRD "72"]
[GameID "444861"]

1. d4 d5 2. c4 c6 3. cxd5 cxd5 4. Nc3 Nc6 5. Nf3 h6 6. Bf4 a6 7. e3 Bg4 8. Be2 Bf5 9. O-O e6 10. a3 Nf6
11. Ne5 g5 12. Bg3 h5 13. h4 g4 14. f4 Bh6 15. Na4 Nxe5 16. dxe5 Ne4 17. Bf2 Nxf2 18. Rxf2 Qxh4 19. Qe1 g3 20. Rf3 Rg8
21. Rxg3 Rxg3 22. Bf3 Bg4
0-1

[Event "YOUR WORST KNIGHTMARE"]
[Site "SchemingMind.com"]
[Date "2019.08.17"]
[Round "-"]
[White "ray winteringham"]
[Black "krzysztof"]
[Result "0-1"]
[WhiteCountry "ENG"]
[BlackCountry "POL"]
[WhiteElo "1488"]
[WhiteRD "49"]
[BlackElo "1555"]
[BlackRD "72"]
[GameID "444862"]

1. e4 e5 2. Nf3 d6 3. Bc4 h6 4. O-O Nc6 5. d3 Bg4 6. h3 Bh5 7. Be3 Nf6 8. g4 Bg6 9. Nh2 d5 10. exd5 Nxd5
11. Bxd5 Qxd5 12. f3 f5 13. Qe2 O-O-O 14. Nc3 Qe6 15. Qf2 fxg4 16. fxg4 h5 17. Bxa7 Bd6 18. Be3 Rdf8 19. Qe2 e4 20. d4 Bxh2+
21. Qxh2 hxg4 22. d5 Rxf1+ 23. Kxf1 Qf5+ 24. Ke2 Qf3+ 25. Kd2 Rxh3 26. Qf2 Ne5 27. Qxf3 exf3 28. Rf1 Nc4+ 29. Kc1 Nxe3
0-1